Mergers and acquisitions from a to z / (Record no. 345284)
[ view plain ]
| 000 -LEADER | |
|---|---|
| fixed length control field | 01645 a2200217 4500 |
| 020 ## - INTERNATIONAL STANDARD BOOK NUMBER | |
| International Standard Book Number | 081440880X |
| 020 ## - INTERNATIONAL STANDARD BOOK NUMBER | |
| International Standard Book Number | 9780814408803 |
| 082 04 - DEWEY DECIMAL CLASSIFICATION NUMBER | |
| Classification number | 658.162 |
| 090 ## - LOCALLY ASSIGNED LC-TYPE CALL NUMBER (OCLC); LOCAL CALL NUMBER (RLIN) | |
| -- | 2794 |
| -- | 2794 |
| 100 1# - MAIN ENTRY--PERSONAL NAME | |
| Personal name | Sherman, Andrew J. |
| 245 10 - TITLE STATEMENT | |
| Title | Mergers and acquisitions from a to z / |
| Statement of responsibility, etc. | Andrew J. Sherman. |
| 250 ## - EDITION STATEMENT | |
| Edition statement | 2nd ed. |
| 260 ## - PUBLICATION, DISTRIBUTION, ETC. | |
| Place of publication, distribution, etc. | [S.l.] : |
| Name of publisher, distributor, etc. | AMACOM, |
| Date of publication, distribution, etc. | 2006. |
| 300 ## - PHYSICAL DESCRIPTION | |
| Extent | 288 p. ; |
| Dimensions | 24 cm. |
| 500 ## - GENERAL NOTE | |
| General note | Hardcover. |
| 520 ## - SUMMARY, ETC. | |
| Summary, etc. | A concise strategic and legal guide for both buyers and sellers at large and small companies, Mergers and Acquisitions from A to Z is a practical, hands-on resource for anyone involved in any merger or acquisition. Written in clear, jargon-free language, the book provides extensive, easy-to-understand information on the entire transaction, including an overview of tax and accounting considerations, drafting legal documents, and analyzing projected financial gain. Thoroughly revised to reflect the latest changes in the business environment, the new edition features: * The latest trends and best practices for structuring profitable deals * New due diligence rules and strategies in the age of Sarbanes-Oxley * Guidelines for keeping deals on track and managing post-closing challenges * And much more Written for those already involved in M&A deals or considering a move in that direction, Mergers and Acquisitions from A to Z demystifies the entire process. |
| 700 1# - ADDED ENTRY--PERSONAL NAME | |
| Personal name | Hart, Milledge A. |
| 856 40 - ELECTRONIC LOCATION AND ACCESS | |
| Materials specified | Amazon.com |
| Uniform Resource Identifier | <a href="http://www.amazon.com/exec/obidos/ASIN/081440880X/chopaconline-20">http://www.amazon.com/exec/obidos/ASIN/081440880X/chopaconline-20</a> |
| 856 40 - ELECTRONIC LOCATION AND ACCESS | |
| Materials specified | Amazon customer reviews |
| Uniform Resource Identifier | <a href="http://www.chopac.org/cgi-bin/tools/azrev.pl?q=081440880X">http://www.chopac.org/cgi-bin/tools/azrev.pl?q=081440880X</a> |
| 942 ## - ADDED ENTRY ELEMENTS (KOHA) | |
| Institution code [OBSOLETE] | NBS |
| Koha item type | Book |
| Call number prefix | 658.162 SHE |
| Withdrawn status | Lost status | Damaged status | Not for loan | Permanent Location | Current Location | Date acquired | Total Checkouts | Full call number | Barcode | Date last seen | Date last checked out | Price effective from | Koha item type |
|---|---|---|---|---|---|---|---|---|---|---|---|---|---|
| Central Library (CL) | Central Library (CL) | 08/28/2013 | 1 | 658.162 SHE | NBS7133 | 06/13/2019 | 12/26/2018 | 08/28/2013 | Book |
